[Event "Medellin Easter op 11th"]
[Site "Medellin"]
[Date "2023.04.08"]
[Round "5"]
[White "Betancur, Fredy"]
[Black "Betancur Jimenez, Yadir"]
[Result "1-0"]
[WhiteElo "1780"]
[BlackElo "1596"]
[PlyCount "49"]
[EventDate "2023.04.05"]
[EventType "swiss"]
[EventRounds "7"]
[EventCountry "COL"]
[SourceTitle "CBM 213 Extra"]
[Source "ChessBase"]
[SourceDate "2023.05.31"]
[SourceVersion "1"]
[SourceVersionDate "2023.05.31"]
[SourceQuality "1"]

1. f4 e5 2. e4 exf4 3. Nf3 h6 4. Bc4 Nf6 5. e5 d5 6. Bb5+ Bd7 7. Bxd7+ Nfxd7 8. d4 g5 9. 0-0 c5 10. Nc3 Nb6 11. Kh1 Nc6 12. Re1 g4 13. Ng1 Nxd4 14. Bxf4 h5 15. e6 f5 16. e7 Bxe7 17. Bg5 Nc6 18. Qe2 Qd7 19. Rad1 d4 20. Nb5 a6 21. Bxe7 Nxe7 22. Nxd4 cxd4 23. Rxd4 Qc7 24. Qe6 Nd7 25. Qxe7# 1-0